000 00660cab a2200253 4500
001 WB3348-37
008 090401t1997 xxu||||| |||| 00| 0 eng d
035 _a(Sirsi) u82634
041 _aeng
245 _aCompetition Bill
260 _c1997
350 _a0
490 _aHerald
_v11 December 1997, 31(1)
520 _aConsiders the implications of the Competition Bill for property transactions.
650 _aCOMMERCIAL LEASES
650 _aCOMPETITION BILL
650 _aCOMPETITION LAW
650 _aLAND AGREEMENTS
650 _aLEASE AGREEMENTS
650 _aPLANNING AGREEMENTS
690 _aLAW
942 _n0
948 _c11/12/1997
999 _c52192
_d52192